|
|
|
|
| LEADER |
00728nta a2200169 i 4500 |
| 001 |
dipl69550 |
| 005 |
20180726101840.0 |
| 008 |
180726s2017 hu om 0|| zxx d |
| 040 |
|
|
|a SZTE Diploma Repozitórium
|b hun
|
| 041 |
|
|
|a zxx
|
| 100 |
1 |
|
|a Papp Ferenc
|
| 245 |
1 |
0 |
|a Vallási kultúrák sokszínűsége Magyarországon
|h [elektronikus dokumentum] :
|b Nazarénus hitéletforma, mint harmadfokú vallásos közösség /
|c Ferenc Papp
|
| 246 |
1 |
0 |
|a Religious diversity of cultures in Hungary: today Nazarenes
|h [elektronikus dokumentum]
|
| 260 |
|
|
|c 2017
|
| 650 |
|
4 |
|a Bölcsészettudományok
|
| 700 |
1 |
|
|a Nagy Gábor Dániel
|e ths
|
| 856 |
4 |
0 |
|u http://diploma.bibl.u-szeged.hu/id/eprint/69550/1/2016_Papp_Ferenc_ED23PA_SZ.pdf
|z Dokumentum-elérés
|